[Event "European Rapid 2022"]
[Site "Katowice POL"]
[Date "2022.12.17"]
[Round "3.38"]
[White "Tazbir, Marcin"]
[Black "Wikar, Martyna"]
[Result "1-0"]
[WhiteTitle "GM"]
[BlackTitle "WFM"]
[WhiteElo "2508"]
[BlackElo "2185"]
[WhiteFideId "1122452"]
[BlackFideId "21807663"]
[EventDate "2022.12.17"]

1. c4 e5 2. g3 Nc6 3. Bg2 Bc5 4. Nc3 a6 5. e3 Nge7 6. Nge2 Ba7 7. d3 d6 8. Rb1
Be6 9. Nd5 Qd7 10. b4 Nd8 11. O-O c6 12. Nxe7 Qxe7 13. Qc2 O-O 14. d4 f5 15. c5
Nf7 16. cxd6 Qxd6 17. dxe5 Nxe5 18. Rd1 Qe7 19. Nd4 Rad8 20. Nxe6 Qxe6 21. Bb2
Qc4 22. Qxc4+ Nxc4 23. Bc3 Kf7 24. Bf1 Nd6 25. a4 Ne4 26. Bc4+ Kg6 27. Be1 Bb8
28. Bd3 h5 29. b5 axb5 30. axb5 Nc5 31. Bc2 cxb5 32. Rxb5 Rxd1 33. Bxd1 Rc8 34.
Bf3 Nd3 35. Rb6+ Kh7 36. Bb4 Nxb4 37. Rxb4 Rc1+ 38. Kg2 Kh6 39. Rxb7 Be5 40.
Rb6+ Bf6 41. h4 Rc2 42. Bd5 Kg6 43. Rb5 Be7 44. Bb3 Rc5 45. Rb7 Bf6 46. Kf3 Kh6
47. Bf7 Ra5 48. Rb6 Ra7 49. Be6 Ra5 50. Kf4 Be5+ 51. Kf3 Bf6 52. Rc6 Rb5 53. Bf7
Rb7 54. Bc4 Ra7 55. Be6 Ra5 56. Kf4 Be5+ 57. Kxf5 Bxg3+ 58. Bd5+ Kh7 59. fxg3
Rxd5+ 60. Kf4 Ra5 61. e4 Kg8 62. Rd6 Ra3 63. Rd5 g6 64. Rd7 Kf8 65. e5 Ra4+ 66.
Kg5 Ke8 67. Rb7 Rg4+ 68. Kf6 Rxg3 69. Rb8+ Kd7 70. e6+ Kd6 71. Rd8+ Kc7 72. e7 1-0

[Event "European Rapid 2022"]
[Site "Katowice POL"]
[Date "2022.12.17"]
[Round "3.39"]
[White "Bajraktari, Perparim"]
[Black "Abdrlauf, Elham"]
[Result "0-1"]
[BlackTitle "IM"]
[WhiteElo "2167"]
[BlackElo "2518"]
[WhiteFideId "1307711"]
[BlackFideId "1533533"]
[EventDate "2022.12.17"]

1. Nf3 d5 2. g3 g6 3. Bg2 Bg7 4. c4 d4 5. O-O Nc6 6. d3 e5 7. Nbd2 Nge7 8. Rb1
a5 9. a3 a4 10. b4 axb3 11. Nxb3 O-O 12. e3 dxe3 13. fxe3 h6 14. Qe2 b6 15. Bb2
Re8 16. Nxe5 Bxe5 17. Bxe5 Nxe5 18. Bxa8 Bg4 19. Qb2 Nf5 20. Be4 Nxd3 21. Bxf5
Nxb2 22. Bxg4 Nxc4 0-1

[Event "European Rapid 2022"]
[Site "Katowice POL"]
[Date "2022.12.17"]
[Round "3.41"]
[White "Buchicchio, Giampaolo"]
[Black "Licznerski, Lukasz"]
[Result "0-1"]
[WhiteTitle "FM"]
[BlackTitle "IM"]
[WhiteElo "2259"]
[BlackElo "2441"]
[WhiteFideId "811491"]
[BlackFideId "1179250"]
[EventDate "2022.12.17"]

1. e4 c6 2. Nc3 d5 3. Nf3 Bg4 4. h3 Bxf3 5. Qxf3 Nf6 6. d4 dxe4 7. Qe3 Nbd7 8.
Nxe4 Nxe4 9. Qxe4 Nf6 10. Qh4 g6 11. Be2 Bg7 12. O-O O-O 13. c3 Re8 14. Bf3 Qb6
15. Re1 Nd5 16. Re2 Bf6 17. Qg3 Rad8 18. Bh6 Rd7 19. Rae1 e6 20. h4 Ne7 21. Qf4
Nf5 22. g4 Nxh6 23. Qxf6 Qd8 24. Qf4 Kg7 25. Kg2 Ng8 26. Rh1 h6 27. Qe5+ Qf6 28.
Qa5 a6 29. g5 Qf4 30. Re4 Qc7 31. gxh6+ Nxh6 32. Qg5 Qd8 33. Qxd8 Rdxd8 34. Re5
Kf6 35. h5 g5 36. a4 Rh8 37. b4 Nf5 38. Bg4 Nd6 39. Rh3 Rdg8 40. Be2 Nf5 41. b5
axb5 42. axb5 g4 43. Rh1 g3 44. f3 Ra8 45. Bd3 Rhg8 46. Bxf5 Ra2+ 47. Bc2 Rxc2+
48. Kh3 Rxc3 49. bxc6 bxc6 50. Kg2 Rc2+ 51. Kh3 g2 52. Rg1 Rc3 53. Rxg2 Rxf3+
54. Kh2 Rxg2+ 55. Kxg2 Rf4 56. h6 Rxd4 57. Rh5 Rd8 0-1

[Event "European Rapid 2022"]
[Site "Katowice POL"]
[Date "2022.12.17"]
[Round "3.42"]
[White "Seo, Jung Min"]
[Black "Chyzy, Jakub"]
[Result "1-0"]
[WhiteTitle "IM"]
[BlackTitle "FM"]
[WhiteElo "2502"]
[BlackElo "2247"]
[WhiteFideId "1734687"]
[BlackFideId "21806209"]
[EventDate "2022.12.17"]

1. Nf3 Nf6 2. c4 d6 3. d4 Nbd7 4. Nc3 e5 5. e4 Be7 6. Be2 O-O 7. O-O c6 8. Rb1
a5 9. Qc2 Qc7 10. a3 a4 11. Rd1 exd4 12. Nxd4 Nc5 13. Be3 Re8 14. f3 Bf8 15. Bf2
Nfd7 16. Bf1 g6 17. Qd2 Ne5 18. Re1 Qa5 19. Qc2 Bg7 20. Rbd1 Ned7 21. Nde2 Nb6
22. Nc1 Be6 23. N3a2 Rad8 24. Nb4 f5 25. exf5 Bxf5 26. Rxe8+ Rxe8 27. Qd2 Nb3
28. Nxb3 axb3 29. Qxd6 Bxb2 30. Qc7 Qxa3 31. Rd8 Rxd8 32. Qxd8+ Kf7 33. Qxb6 Bc3
34. Qxb7+ Kg8 35. Qb8+ Kf7 36. Bc5 g5 37. Qf8+ Kg6 38. g4 Bb1 39. Qg8+ Bg7 40.
Qe6+ Bf6 41. Bd4 1-0

[Event "European Rapid 2022"]
[Site "Katowice POL"]
[Date "2022.12.17"]
[Round "3.43"]
[White "Horvath, Dominik"]
[Black "Trybus, Daniel"]
[Result "0-1"]
[WhiteTitle "IM"]
[WhiteElo "2502"]
[BlackElo "2258"]
[WhiteFideId "1642561"]
[BlackFideId "21816131"]
[EventDate "2022.12.17"]

1. e4 c5 2. c3 g6 3. d4 cxd4 4. cxd4 d5 5. e5 Nc6 6. Bb5 Nh6 7. Nc3 Bg7 8. h4 a6
9. Bxc6+ bxc6 10. h5 c5 11. Nge2 cxd4 12. Bxh6 Bxh6 13. Qxd4 Be6 14. hxg6 hxg6
15. Nf4 Rb8 16. Rd1 Qa5 17. Nxd5 Rxb2 18. Kf1 Kf8 19. Qa7 Qa3 20. Nb5 Rxb5 21.
Nc7 Kg7 22. Nxb5 Bc4+ 23. Kg1 Bxb5 24. e6 Qxa2 25. exf7 Qxf7 26. Re1 Bg5 27.
Rxh8 Kxh8 28. Qc5 Bf6 29. Re3 Kg7 30. Qa7 Qd5 31. Rg3 Qd1+ 32. Kh2 Qd6 33. Kg1
Be5 0-1

[Event "European Rapid 2022"]
[Site "Katowice POL"]
[Date "2022.12.17"]
[Round "3.44"]
[White "Ziogas, Modestas"]
[Black "Klekowski, Maciej"]
[Result "0-1"]
[BlackTitle "GM"]
[WhiteElo "2098"]
[BlackElo "2477"]
[WhiteFideId "12803740"]
[BlackFideId "1132717"]
[EventDate "2022.12.17"]

1. d4 Nf6 2. Nc3 d5 3. Bg5 Nbd7 4. Qd3 c6 5. e4 dxe4 6. Nxe4 Nxe4 7. Qxe4 Nf6 8.
Bxf6 gxf6 9. O-O-O Be6 10. a3 Qa5 11. Qe1 Qxe1 12. Rxe1 O-O-O 13. c3 Rg8 14. Nf3
Bf5 15. b4 a5 16. Nh4 Bg4 17. Bd3 axb4 18. axb4 e5 19. Bxh7 Rg5 20. h3 Be6 21.
Nf3 Rxg2 22. Re2 Bc4 23. Rc2 Bb3 24. Rb2 Bd5 25. Nh4 Rg5 26. f4 Rh5 27. Bf5+ Kc7
28. Re1 exd4 29. cxd4 Rxh4 0-1

[Event "European Rapid 2022"]
[Site "Katowice POL"]
[Date "2022.12.17"]
[Round "3.45"]
[White "Gaehwiler, Gabriel"]
[Black "Rudzinska, Michalina"]
[Result "1-0"]
[WhiteTitle "IM"]
[BlackTitle "WFM"]
[WhiteElo "2408"]
[BlackElo "2256"]
[WhiteFideId "1314530"]
[BlackFideId "1172883"]
[EventDate "2022.12.17"]

1. d4 Nf6 2. Nf3 e6 3. g3 c5 4. c4 cxd4 5. Nxd4 d5 6. Bg2 Be7 7. O-O O-O 8. cxd5
exd5 9. Nc3 Nc6 10. Bf4 Be6 11. Qd2 Qd7 12. Rfd1 Rfd8 13. Bg5 h6 14. Bxf6 Bxf6
15. Nxc6 bxc6 16. Na4 Bh3 17. Nc5 Qf5 18. Rac1 Bxg2 19. Kxg2 Re8 20. Qc2 Qh5 21.
e3 d4 22. e4 Rad8 23. Qa4 d3 24. Rxd3 Rxd3 25. Nxd3 Qe2 26. Qxc6 Re6 27. Qc8+
Kh7 28. Nf4 Qxe4+ 29. f3 Qe3 30. Qc2+ g6 31. Nxe6 Qxe6 32. b3 h5 33. Qe4 Qa6 34.
Rc2 h4 35. Qc4 Qb7 36. Qc6 Qe7 37. Qe4 Qd8 38. Re2 Kg7 39. a4 Qd1 40. gxh4 Qxb3
41. Kh3 Qd1 42. h5 g5 43. Rg2 Qd7+ 44. Qg4 Qd3 45. Qe4 Qd7+ 46. Rg4 Kh6 47. Qe2
Kxh5 48. Kg2 Kh6 49. Qe3 Qd5 50. Qxa7 Bd8 51. Qd4 Qa2+ 52. Kh3 Be7 53. Qe3 Qd5
54. Kg2 Bc5 55. Rh4+ Kg7 56. Qc3+ f6 57. Re4 Qa2+ 58. Kh3 Bd6 59. f4 Bxf4 60.
Re7+ Kg8 61. Qc8# 1-0

[Event "European Rapid 2022"]
[Site "Katowice POL"]
[Date "2022.12.17"]
[Round "3.46"]
[White "Marie, Maxime"]
[Black "Stefanova, Antoaneta"]
[Result "0-1"]
[WhiteTitle "CM"]
[BlackTitle "GM"]
[WhiteElo "2175"]
[BlackElo "2442"]
[WhiteFideId "625590"]
[BlackFideId "2902257"]
[EventDate "2022.12.17"]

1. c4 c6 2. e4 d5 3. exd5 cxd5 4. d4 Nf6 5. Nc3 g6 6. Nf3 Bg7 7. cxd5 Nxd5 8.
Bb5+ Nc6 9. Ne5 Qd6 10. O-O O-O 11. Re1 Nxc3 12. bxc3 Nxe5 13. dxe5 Qxd1 14.
Rxd1 Bxe5 15. Ba3 Bf6 16. Re1 Be6 17. Rxe6 fxe6 18. Bc4 Kg7 19. Bxe6 Bxc3 20.
Rc1 Bd4 21. Rc2 Rf6 22. Bd5 Rd8 23. Bf3 Rd7 24. h4 e5 25. Rc8 e4 26. Bxe4 Bxf2+
27. Kh2 Rf4 0-1

[Event "European Rapid 2022"]
[Site "Katowice POL"]
[Date "2022.12.17"]
[Round "3.47"]
[White "Akesson, Ralf"]
[Black "Wojdak, Jan"]
[Result "1/2-1/2"]
[WhiteTitle "GM"]
[WhiteElo "2404"]
[BlackElo "2115"]
[WhiteFideId "1700120"]
[BlackFideId "21817111"]
[EventDate "2022.12.17"]

1. d4 d5 2. c4 e6 3. Nc3 Nf6 4. cxd5 exd5 5. Bg5 c6 6. e3 h6 7. Bh4 Be7 8. Qc2
O-O 9. Bd3 Re8 10. Nge2 a5 11. O-O Na6 12. a3 Nc7 13. f3 c5 14. a4 c4 15. Bf5
Na6 16. Bxc8 Rxc8 17. Qd2 Nb4 18. Rad1 Qb6 19. Kh1 Rcd8 20. Bg3 Bd6 21. Bh4 Be7
22. Bf2 Nd3 23. Bg1 Bb4 24. Qc2 Qe6 25. Nc1 Nxc1 26. Rxc1 Rd6 27. Ne2 Rb6 28.
Ng3 g6 29. e4 dxe4 30. d5 Qxd5 31. Bxb6 e3 32. Ne2 Bd2 33. Rcd1 Qd3 34. Qxd3
cxd3 35. Bxe3 dxe2 36. Bxd2 exf1=Q+ 37. Rxf1 Re2 38. Bxa5 Rxb2 39. Bc3 Rb6 40.
Rd1 Kf8 41. Kg1 Ke7 42. Re1+ Kd7 1/2-1/2

[Event "European Rapid 2022"]
[Site "Katowice POL"]
[Date "2022.12.17"]
[Round "3.48"]
[White "Subelj, Jan"]
[Black "Salna, Aleksandras"]
[Result "1-0"]
[WhiteTitle "IM"]
[WhiteElo "2492"]
[BlackElo "2191"]
[WhiteFideId "14618583"]
[BlackFideId "12807575"]
[EventDate "2022.12.17"]

1. e4 c5 2. Nf3 Nc6 3. Bb5 g6 4. Bxc6 dxc6 5. d3 Bg7 6. h3 Qc7 7. a4 a5 8. Na3
e5 9. Nc4 Be6 10. b3 Nf6 11. O-O O-O 12. Ncxe5 Nxe4 13. dxe4 Bxe5 14. Nxe5 Qxe5
15. Bh6 Rfe8 16. Qf3 c4 17. Bf4 Qf6 18. Qg3 cxb3 19. Be5 Qe7 20. cxb3 Bxb3 21.
Bb2 Qe6 22. Ra3 Bc4 23. Rc1 b5 24. Qf4 f6 25. Bxf6 Qxe4 26. Qh6 Ra7 27. Re3 1-0

[Event "European Rapid 2022"]
[Site "Katowice POL"]
[Date "2022.12.17"]
[Round "3.49"]
[White "Janeczko, Jakub"]
[Black "Blohberger, Felix"]
[Result "0-1"]
[BlackTitle "GM"]
[WhiteElo "2247"]
[BlackElo "2490"]
[WhiteFideId "21871655"]
[BlackFideId "1632051"]
[EventDate "2022.12.17"]

1. e4 c5 2. d3 Nc6 3. g3 g6 4. Bg2 Bg7 5. f4 d6 6. Nf3 Nf6 7. O-O Rb8 8. Nc3 O-O
9. h3 b5 10. g4 b4 11. Ne2 a5 12. Rf2 a4 13. Rb1 Nd7 14. Be3 Ba6 15. b3 axb3 16.
axb3 Bb7 17. Ng3 Ra8 18. g5 Ra2 19. Nh2 Qa8 20. Ng4 Ra1 21. Rf1 Rxb1 22. Qxb1
Qa3 23. f5 Bd4 24. Bxd4 Nxd4 25. fxg6 hxg6 26. Qd1 Qb2 27. Nh6+ Kg7 28. Rf2 Ne5
29. Qd2 Qc3 30. Qf4 Qe1+ 31. Kh2 Bc8 32. Rf1 Qc3 33. Qh4 Qxc2 34. Nhf5+ Nxf5 35.
Nxf5+ gxf5 36. Qh6+ Kg8 37. exf5 Bb7 38. Rg1 Nf3+ 39. Kg3 Nxg1 40. g6 Qxg2+ 0-1

[Event "European Rapid 2022"]
[Site "Katowice POL"]
[Date "2022.12.17"]
[Round "3.50"]
[White "Wieczorek, Oskar"]
[Black "Pein, Jonathan"]
[Result "1-0"]
[WhiteTitle "GM"]
[BlackTitle "CM"]
[WhiteElo "2504"]
[BlackElo "2252"]
[WhiteFideId "1133950"]
[BlackFideId "417092"]
[EventDate "2022.12.17"]

1. e4 e5 2. Nf3 d6 3. Nc3 Nf6 4. d4 exd4 5. Nxd4 g6 6. Be3 Bg7 7. Qd2 O-O 8.
O-O-O Nc6 9. f3 Nxd4 10. Bxd4 Be6 11. Be3 a6 12. h4 h5 13. Bh6 b5 14. Kb1 Re8
15. Bxg7 Kxg7 16. Ne2 d5 17. Qc3 Qe7 18. e5 Ng8 19. Nd4 b4 20. Qc6 Nh6 21. Bd3
a5 22. g4 Bxg4 23. fxg4 Nxg4 24. Rde1 Nxe5 25. Nf5+ gxf5 26. Rhg1+ 1-0

[Event "European Rapid 2022"]
[Site "Katowice POL"]
[Date "2022.12.17"]
[Round "3.51"]
[White "Maisuradze, Nino"]
[Black "Ondozi, Murtez"]
[Result "0-1"]
[WhiteTitle "WGM"]
[BlackTitle "FM"]
[WhiteElo "2230"]
[BlackElo "2406"]
[WhiteFideId "13601717"]
[BlackFideId "937576"]
[EventDate "2022.12.17"]

1. e4 c5 2. Nc3 e6 3. g3 Nc6 4. Bg2 Nf6 5. f4 d6 6. Nf3 Be7 7. O-O O-O 8. d3 Rb8
9. h3 b5 10. g4 Nd7 11. Be3 b4 12. Ne2 e5 13. f5 Nd4 14. Qd2 Ba6 15. g5 Re8 16.
f6 Nxe2+ 17. Qxe2 gxf6 18. gxf6 Bxf6 19. Nh2 Bg7 20. Qh5 Qe7 21. Ng4 Qe6 22. Rf5
Qg6 23. Qh4 f6 24. Kh2 Kh8 25. Rg1 Re7 26. Bf3 Qf7 27. Rh5 Nf8 28. Nh6 Bxh6 29.
Rxh6 Nd7 30. Bh5 Qxa2 31. Bg6 Qg8 32. Bf5 Qf7 33. Bg6 Qg8 34. Bf5 Qf7 35. Bxh7
Qxh7 36. Rgg6 Rf8 37. Qg4 Bc8 38. Qg3 Rfe8 39. Rxh7+ Rxh7 40. Bh6 c4 41. dxc4
Bb7 42. Bg7+ Kg8 43. Bxf6+ Kf7 44. Rg7+ Rxg7 45. Qxg7+ Ke6 46. Bh4 Bxe4 47. Qh6+
Kf7 48. Qxd6 Bf5 49. c5 Be6 50. c6 Nb6 51. Qxe5 Nd5 52. Qh5+ Kf8 53. Qh6+ Kf7
54. Qh7+ Kf8 55. Bg5 Rc8 56. Qg6 Rxc6 57. Bf6 Nxf6 58. Qxf6+ Ke8 59. Qh8+ Kd7
60. Qh7+ Kd6 61. Qd3+ Ke5 62. Qb5+ Bd5 63. Qe2+ Be4 64. Qb5+ Kf4 65. Qf1+ Ke3
66. Qe1+ Kf3 67. c3 bxc3 68. bxc3 Rb6 69. Qd1+ Ke3 70. Qe1+ Kf3 71. Qg3+ Ke2 72.
Qe5 Kf3 73. Qh5+ Ke3 74. Kg3 Rg6+ 75. Kh4 Kf4 76. Qh8 a5 77. Qb8+ Kf3 78. Qf8+
Ke3 79. Qc5+ Kf4 80. Kh5 Rc6 81. Qf8+ Ke3 82. Qg7 a4 83. Qd4+ Kf4 84. Qd2+ Ke5
85. Qd4+ Kf4 86. Qd2+ Ke5 87. Qd4+ Kf4 88. Qd2+ Kf3 89. h4 a3 90. Kg5 Rg6+ 91.
Kh5 Rg2 92. Qd1+ Re2 93. Qf1+ Rf2 94. Qd1+ Re2 95. Qf1+ Kg3 96. Kg5 Bf3 97. Qc1
a2 98. c4 Kg2 99. c5 Kf2 100. Qa1 Re5+ 101. Kf4 Re4+ 102. Kf5 Ra4 103. Ke5 Kg3
104. h5 Bxh5 105. Qe1+ Kh3 106. Qh1+ Kg3 107. Qe1+ Kh3 108. Qh1+ Kg3 109. Qg1+
Kh3 110. Qf1+ Kg3 111. Qe1+ Kh3 112. Qh1+ Kg3 113. Qe1+ Kg2 114. Qd2+ Kh3 115.
Qe3+ Kg4 116. Qg1+ Kh4 117. Qe1+ 0-1

[Event "European Rapid 2022"]
[Site "Katowice POL"]
[Date "2022.12.17"]
[Round "3.52"]
[White "Szpar, Milosz"]
[Black "Polster, Christian"]
[Result "1-0"]
[WhiteTitle "IM"]
[BlackTitle "FM"]
[WhiteElo "2428"]
[BlackElo "2235"]
[WhiteFideId "1184989"]
[BlackFideId "12965081"]
[EventDate "2022.12.17"]

1. e4 c5 2. Nf3 Nc6 3. Bb5 g6 4. c3 Bg7 5. d4 cxd4 6. cxd4 Nf6 7. Nc3 d5 8. Ne5
O-O 9. Nxc6 bxc6 10. Bxc6 Rb8 11. e5 Ne8 12. O-O Nc7 13. b3 Rb6 14. Ba4 f6 15.
Be3 Ne6 16. exf6 Bxf6 17. Qd2 Ba6 18. Rfe1 Qd6 19. Rac1 g5 20. Ne2 Qb4 21. Qxb4
Rxb4 22. Rc6 Bxe2 23. Rxe6 Bg4 24. Ra6 Bc8 25. Rxa7 Rxd4 26. Ra5 Rd3 27. Bb5 Bc3
28. Bxd3 Bxa5 29. Rc1 Bb4 30. Bxg5 e5 31. Bh6 Rd8 32. f3 Be6 33. Rc7 Bf7 34. Bg5
Ra8 35. a4 d4 36. Bf6 Ba5 37. Rb7 Bd2 38. Bxe5 Be3+ 39. Kf1 Rc8 40. Rb8 Rxb8 41.
Bxb8 Bxb3 42. a5 Bd5 43. a6 h5 44. a7 Kf8 45. Ke1 Ke7 46. Be4 1-0

[Event "European Rapid 2022"]
[Site "Katowice POL"]
[Date "2022.12.17"]
[Round "3.53"]
[White "Bartel, Marta"]
[Black "Piesik, Piotr"]
[Result "0-1"]
[WhiteTitle "WGM"]
[BlackTitle "IM"]
[WhiteElo "2190"]
[BlackElo "2420"]
[WhiteFideId "1123009"]
[BlackFideId "1136194"]
[EventDate "2022.12.17"]

1. d4 c5 2. d5 e5 3. e4 d6 4. Nc3 Be7 5. Nf3 a6 6. a4 Bg4 7. Be2 Bxf3 8. Bxf3
Bg5 9. O-O Bxc1 10. Qxc1 Ne7 11. Bg4 O-O 12. Ne2 Nd7 13. a5 Nf6 14. Bf3 c4 15.
g3 Rc8 16. Qd2 Rc5 17. Bg2 c3 18. Nxc3 Rxa5 19. Bh3 Qc7 20. Kg2 Ng6 21. Bf5 Ne7
22. Bh3 Re8 23. Qd3 Rc5 24. Rfc1 Rc4 25. Ra4 Rxa4 26. Nxa4 b5 27. Nc3 Nc8 28.
Ra1 Qb7 29. Nd1 Nb6 30. Ne3 Ra8 31. Nf5 Qc7 32. b3 g6 33. Ne3 Qc5 34. c3 a5 35.
f4 exf4 36. gxf4 b4 37. c4 Re8 38. Ng4 Nxe4 39. Re1 f5 40. Rxe4 fxe4 41. Nf6+
Kf8 42. Nxe4 Qc7 43. Qd4 Qg7 44. Qxb6 Rxe4 45. Qd8+ Re8 46. Qxd6+ Kg8 47. Be6+
Kh8 48. Qe5 a4 49. d6 0-1

[Event "European Rapid 2022"]
[Site "Katowice POL"]
[Date "2022.12.17"]
[Round "3.54"]
[White "Klenburg, Michael"]
[Black "Sliwicki, Damian"]
[Result "1-0"]
[WhiteTitle "IM"]
[BlackTitle "CM"]
[WhiteElo "2347"]
[BlackElo "2158"]
[WhiteFideId "14102072"]
[BlackFideId "1127128"]
[EventDate "2022.12.17"]

1. e4 c5 2. d3 g6 3. g3 Bg7 4. Bg2 Nc6 5. f4 d6 6. Nf3 e5 7. c3 Nge7 8. O-O O-O
9. Na3 exf4 10. Bxf4 d5 11. Qb3 b6 12. Nb5 Ba6 13. a4 Rc8 14. Nd6 Bxd3 15. Nxc8
Qxc8 16. exd5 c4 17. Qb5 a6 18. Qxb6 Nxd5 19. Qc5 Nxf4 20. gxf4 Bxf1 21. Rxf1
Ne5 22. Qxc8 Nxf3+ 23. Bxf3 Rxc8 24. f5 gxf5 25. Bd5 Rb8 26. Rf2 Bh6 27. Kf1 Bc1
28. Bxc4 Bxb2 29. Rxf5 Bxc3 30. Bxa6 Rb4 31. Bb5 f6 32. Rc5 Be5 33. h3 Rb2 34.
a5 Kg7 35. a6 Rf2+ 36. Ke1 Ra2 37. Rd5 Bg3+ 38. Kd1 Bf2 39. Bd3 Be3 40. Rd7+ Kf8
41. Ke1 h5 42. Bc4 Ra4 43. Ke2 Bc5 44. Kd3 h4 45. Rf7+ Ke8 46. Rc7 Ra3+ 47. Ke4
Bf2 48. Kd5 Rxh3 49. a7 Bxa7 50. Rxa7 Re3 51. Rh7 h3 52. Kd4 Rg3 53. Be6 Rg5 54.
Bxh3 Re5 55. Bg2 Kf8 56. Bd5 Ke8 57. Kc5 Re7 58. Rh8+ Kd7 59. Rf8 Re1 60. Bc6+
Kc7 61. Rf7+ Kd8 62. Kd6 Rd1+ 63. Bd5 Re1 64. Rd7+ Kc8 65. Ra7 Rb1 66. Rf7 Rb6+
67. Bc6 Kb8 68. Rf8+ 1-0

[Event "European Rapid 2022"]
[Site "Katowice POL"]
[Date "2022.12.17"]
[Round "3.55"]
[White "Piotrowski, Przemyslaw"]
[Black "Kuzmicz, Krystian"]
[Result "0-1"]
[WhiteTitle "FM"]
[BlackTitle "IM"]
[WhiteElo "2247"]
[BlackElo "2466"]
[WhiteFideId "1127063"]
[BlackFideId "1119125"]
[EventDate "2022.12.17"]

1. d4 c5 2. Nf3 cxd4 3. Nxd4 Nc6 4. c4 g6 5. Nc3 Bg7 6. Nc2 Bxc3+ 7. bxc3 Qa5 8.
Bd2 Nf6 9. e3 d6 10. Nd4 Bd7 11. Be2 Rc8 12. O-O O-O 13. Qb3 Qc7 14. Nxc6 Bxc6
15. f3 Bd7 16. Rab1 b6 17. e4 Be6 18. Qa4 Nd7 19. Be3 Ne5 20. c5 bxc5 21. f4 Nc6
22. f5 Bd7 23. Qc2 Rb8 24. Rbd1 Ne5 25. f6 exf6 26. Rxf6 Be6 27. Qd2 Rfd8 28.
Bg5 h6 29. Bxh6 Qa5 30. Bf4 Kg7 31. Bg5 Rd7 32. Bf1 Rh8 33. Rf2 Kg8 34. Bf6 Rh7
35. Qf4 Ng4 36. Rxd6 Rxd6 37. Qxd6 Qb6 38. Qe7 Qb8 39. e5 Nxf2 40. Kxf2 Rxh2 41.
Kg3 Rh5 42. Bd3 Rxe5 43. Bxe5 Qxe5+ 44. Kf2 Qxc3 45. Bxg6 Qd2+ 46. Kg1 Qe1+ 47.
Kh2 Qe5+ 48. Kg1 fxg6 49. Qe8+ Kg7 50. Qe7+ Kh6 51. Qf8+ Kh5 0-1

[Event "European Rapid 2022"]
[Site "Katowice POL"]
[Date "2022.12.17"]
[Round "3.56"]
[White "Samunenkov, Ihor"]
[Black "Gregoric, Andraz"]
[Result "1-0"]
[WhiteTitle "IM"]
[WhiteElo "2488"]
[BlackElo "2225"]
[WhiteFideId "14187086"]
[BlackFideId "14629461"]
[EventDate "2022.12.17"]

1. d4 Nf6 2. Nc3 d5 3. Bf4 e6 4. Nb5 Na6 5. e3 c6 6. Nc3 Bb4 7. Bxa6 bxa6 8. Ne2
Nh5 9. O-O Nxf4 10. Nxf4 O-O 11. Nd3 Bd6 12. Na4 f6 13. f4 Qe7 14. Qd2 Rb8 15.
Qc3 Bd7 16. Nac5 Rfe8 17. Nxa6 Rbd8 18. Nac5 e5 19. fxe5 fxe5 20. Nb7 exd4 21.
exd4 Bc7 22. Nxd8 Qh4 23. Ne5 Rxd8 24. g3 Qh3 25. Nxd7 Rxd7 26. Qxc6 h5 27. Rae1 1-0

[Event "European Rapid 2022"]
[Site "Katowice POL"]
[Date "2022.12.17"]
[Round "3.57"]
[White "Balinski, Damian"]
[Black "Gunnarsson, Arnar"]
[Result "0-1"]
[BlackTitle "IM"]
[WhiteElo "2190"]
[BlackElo "2406"]
[WhiteFideId "1120913"]
[BlackFideId "2300915"]
[EventDate "2022.12.17"]

1. d4 f5 2. Nf3 Nf6 3. g3 e6 4. Bg2 d5 5. O-O Bd6 6. c4 c6 7. b3 Qe7 8. a4 O-O
9. Ba3 Bxa3 10. Nxa3 Nbd7 11. Nc2 dxc4 12. bxc4 e5 13. Nxe5 Nxe5 14. dxe5 Qxe5
15. Nd4 Be6 16. Nxe6 Qxe6 17. Qc2 Rad8 18. Rfd1 g6 19. Rab1 Qe7 20. e3 Rxd1+ 21.
Rxd1 Rd8 22. a5 a6 23. Rd2 Rd7 24. Qd1 Rxd2 25. Qxd2 Kf7 26. Qd4 Qb4 27. Qe5
Qe1+ 28. Bf1 Qxf2+ 29. Kxf2 Ng4+ 30. Ke1 Nxe5 31. Kd1 Ke6 32. Kc2 Kd6 33. Kc3
Ng4 34. h3 Nxe3 35. Be2 Kc5 36. Bd3 h6 37. Be2 g5 38. Bd3 f4 39. gxf4 gxf4 40.
Be2 f3 41. Bxf3 Nxc4 42. Bg4 Nxa5 43. Kd3 Nc4 44. Ke4 a5 45. Bd1 b5 46. Kf4 a4 0-1

[Event "European Rapid 2022"]
[Site "Katowice POL"]
[Date "2022.12.17"]
[Round "3.58"]
[White "Batsiashvili, Nino"]
[Black "Pidluznij, Gleb"]
[Result "1/2-1/2"]
[WhiteTitle "GM"]
[WhiteElo "2493"]
[BlackElo "2159"]
[WhiteFideId "13602993"]
[BlackFideId "12817082"]
[EventDate "2022.12.17"]

1. d4 Nf6 2. c4 e6 3. Nc3 d5 4. Nf3 c6 5. g3 Be7 6. Bg2 O-O 7. O-O Nbd7 8. Nd2
b6 9. e4 dxe4 10. Ndxe4 Bb7 11. Bf4 Nxe4 12. Nxe4 Nf6 13. Qd3 Nxe4 14. Bxe4 h6
15. Rad1 Bf6 16. b3 Qe7 17. Qf3 Rac8 18. Be5 Rfd8 19. Bxf6 Qxf6 20. Qxf6 gxf6
21. g4 Rd7 22. Rd3 c5 23. Bxb7 Rxb7 24. dxc5 Rxc5 25. Rfd1 b5 26. cxb5 Rbxb5 27.
Rd7 a5 28. Ra7 Rg5 29. h3 h5 30. Rd8+ Kg7 31. Rdd7 hxg4 32. Rxf7+ Kg6 33. Rg7+
Kf5 34. Rxg5+ fxg5 35. hxg4+ Kxg4 36. Kg2 Kf4 37. Rf7+ Ke4 38. Kg3 a4 39. Rf3
axb3 40. axb3 e5 41. Re3+ Kf5 42. Kf3 Rb4 43. Ke2 g4 44. Kd2 Rf4 45. Ke2 Rb4 46.
Rc3 Re4+ 47. Kd3 Rf4 48. Rc2 Rf3+ 49. Kc4 e4 50. b4 e3 51. fxe3 Rxe3 52. b5 Kf4
53. b6 Re7 54. Kd5 g3 55. Rc7 Rxc7 56. bxc7 g2 57. c8=Q g1=Q 58. Qf8+ Kg3 1/2-1/2

[Event "European Rapid 2022"]
[Site "Katowice POL"]
[Date "2022.12.17"]
[Round "3.59"]
[White "Urh, Zala"]
[Black "Paehtz, Elisabeth"]
[Result "0-1"]
[WhiteTitle "WIM"]
[BlackTitle "GM"]
[WhiteElo "2282"]
[BlackElo "2464"]
[WhiteFideId "14611481"]
[BlackFideId "4641833"]
[EventDate "2022.12.17"]

1. d4 e6 2. Nf3 Nf6 3. Bf4 g6 4. e3 Bg7 5. Be2 b6 6. O-O Bb7 7. h3 d6 8. c4 Nbd7
9. Nc3 O-O 10. Bh2 Qe7 11. Qc2 e5 12. Rfe1 Rfe8 13. Rac1 a6 14. b4 c5 15. bxc5
bxc5 16. d5 Nf8 17. Rb1 Bc8 18. Rb6 N6d7 19. Rb3 f5 20. Reb1 e4 21. Nd2 Be5 22.
Bxe5 Nxe5 23. Na4 Nfd7 24. Nb6 Nxb6 25. Rxb6 Ra7 26. Qa4 a5 27. Rb8 Bd7 28. Qb3
a4 29. Qb6 Ra8 30. Rxa8 Rxa8 31. Qb7 Rd8 32. Rb6 Nf7 33. Qc7 Qe5 34. Rb8 Rxb8
35. Qxb8+ Kg7 36. Qb1 Qc3 37. Nf1 Kf6 38. Ng3 a3 39. Bd1 Qb2 40. Bc2 Qxb1+ 41.
Bxb1 Ne5 42. Bc2 Nxc4 43. Ne2 Nb6 44. Nc3 Be8 45. f3 exf3 46. gxf3 Bf7 47. e4
fxe4 48. fxe4 Ke5 49. Kf2 Be8 50. Ke3 g5 51. Nd1 Nc4+ 52. Kd3 Nb2+ 53. Ke3 Nxd1+
54. Bxd1 Bd7 55. h4 gxh4 56. Bf3 Bb5 0-1